American government, balancing democracy and rights

Đã lưu trong:
书目详细资料
格式: 图书
出版: 2004
标签: 添加标签
没有标签, 成为第一个标记此记录!
Thư viện lưu trữ: Mạng thư viện Đại học Đà Nẵng
LEADER 00457nam a22001811a 4500
001 000038227
003 14522
005 20160412021241.0
008 160412s2004 000
082 |a 4A(07)1839 
245 |a American government, balancing democracy and rights  |c Marc Landy 
260 |c 2004 
OWN |a LNN 
999 |a From the UDN01 
TYP |a Monograph 
980 |a Mạng thư viện Đại học Đà Nẵng